| Tag |
First Indicator |
Second Indicator |
Subfields |
| LEADER |
00000cam a2200000Ki 4500 |
| 001 |
in00004058660 |
| 005 |
20190718162927.0 |
| 006 |
m o d |
| 007 |
cr ||||||||||| |
| 008 |
190207t20192019enk ob 001 0 eng d |
| 020 |
|
|
|a 9781316403679
|q electronic book
|
| 020 |
|
|
|a 131640367X
|q electronic book
|
| 020 |
|
|
|z 9781107123922
|
| 020 |
|
|
|z 1107123925
|
| 024 |
8 |
|
|a 40028949516
|
| 035 |
|
|
|a (NhCcYBP)ybp15313799
|
| 040 |
|
|
|a NhCcYBP
|c NhCcYBP
|d UtOrBLW
|
| 050 |
|
4 |
|a QC718.5.M36
|b G63945 2019
|
| 082 |
0 |
4 |
|a 538/.6
|2 23
|
| 100 |
1 |
|
|a Goedbloed, J. P.,
|d 1940-
|e author.
|0 http://id.loc.gov/authorities/names/n2003009566
|
| 245 |
1 |
0 |
|a Magnetohydrodynamics :
|b of laboratory and astrophysical plasmas /
|c J.P. Goedbloed, Rony Keppens, Stefaan Poedts.
|
| 246 |
3 |
|
|a Magnetohydrodynamics of laboratory and astrophysical plasmas
|
| 264 |
|
1 |
|a Cambridge ;
|a New York, NY :
|b Cambridge University Press,
|c 2019.
|
| 264 |
|
4 |
|c ©2019
|
| 300 |
|
|
|a 1 online resource.
|
| 336 |
|
|
|a text
|b txt
|2 rdacontent
|
| 337 |
|
|
|a computer
|b c
|2 rdamedia
|
| 338 |
|
|
|a online resource
|b cr
|2 rdacarrier
|
| 504 |
|
|
|a Includes bibliographical references and index.
|
| 588 |
|
|
|a Description based on online resource; title from digital title page (viewed on February 07, 2019).
|
| 500 |
|
|
|a Electronic resource.
|
| 650 |
|
0 |
|a Magnetohydrodynamics.
|0 http://id.loc.gov/authorities/subjects/sh85079784
|
| 650 |
|
0 |
|a Plasma astrophysics.
|0 http://id.loc.gov/authorities/subjects/sh87002484
|
| 650 |
|
0 |
|a Astrophysics.
|0 http://id.loc.gov/authorities/subjects/sh85009032
|
| 655 |
|
7 |
|a Electronic books.
|2 local
|
| 700 |
1 |
|
|a Keppens, Rony,
|e author.
|0 http://id.loc.gov/authorities/names/n2010000809
|
| 700 |
1 |
|
|a Poedts, Stefaan,
|d 1962-
|e author.
|0 http://id.loc.gov/authorities/names/n2003009567
|
| 710 |
2 |
|
|a Cambridge University Press.
|0 http://id.loc.gov/authorities/names/n50059133
|
| 776 |
1 |
8 |
|i Print version:
|a Goedbloed, J. P., 1940-
|t Magnetohydrodynamics of laboratory and astrophysical plasmas
|z 9781107123922
|w (DLC) 2018029282
|
| 856 |
4 |
0 |
|u http://proxy.library.tamu.edu/login?url=https://doi.org/10.1017/9781316403679
|z Connect to the full text of this electronic book
|t 0
|
| 955 |
|
|
|a YBP purchased approval e-records
|
| 980 |
|
|
|b 215.00
|g 1
|
| 999 |
f |
f |
|s 4751481e-c915-3c32-b366-39d7362d1d4f
|i 63702100-3365-38a2-af18-318cc73b22eb
|t 0
|
| 952 |
f |
f |
|a Texas A&M University
|b College Station
|c Electronic Resources
|d Available Online
|t 0
|e QC718.5.M36 G63945 2019
|h Library of Congress classification
|
| 998 |
f |
f |
|a QC718.5.M36 G63945 2019
|t 0
|l Available Online
|